| 000 | 00577nam a2200181 a 4500 | ||
|---|---|---|---|
| 001 | 000035265 | ||
| 005 | 20200930074221.0 | ||
| 008 | 111027s1989 is 000 0 spa d | ||
| 020 | _a9653050680 | ||
| 040 |
_aDO-SdBNP _bspa _cBNPHU |
||
| 082 |
_axxxx _bxxxx |
||
| 100 | 1 |
_aLiba, Moshe _961023 |
|
| 245 | 1 | 0 |
_aEscritos en congresos : _bpoemas / _cMoshe Liba. |
| 260 |
_aIsrael, : _bLa semana publicaciones, _c1989. |
||
| 300 |
_a64 p. ; _c21 cm. |
||
| 500 | _aIncluye notas al pie de las páginas | ||
| 590 | _aPerteneció a la biblioteca personal de Juan Isidro Jimenes Grullón | ||
| 999 |
_c34756 _d34756 |
||